000 00693nam a2200241Ia 4500
003 OSt
005 20220927105435.0
006 a|||||r|||| 00| 0
007 ta
008 220926b |||||||| |||| 00| 0 eng d
024 _a173218
037 _cReference Collections
040 _aRTL
_cRTL
_beng
041 _2eng
_aeng
082 _a"V1N45,93:3.N93a, N3.15-2/UN"
110 _aUNITED NATIONS.
245 0 _aUnited Nations Documents
_b Subject Index.
260 _aNew
_bYork United Nations.
_c1993
300 _a529-1151p.
_ccm.
700 _aUNITED NATIONS.
942 _h"V1N45,93:3.N93a, N3.15-2/UN"
_cCC
999 _c692586
_d692586